PAOK FC 2018/19 Double Winning Squad - Statistics

General Stats
  • This quiz has been taken 201 times
  • The average score is 20 of 31
Answer Stats
Position Squad # Nationality Name Apps Gls % Correct
Goalkeeper 31 Greece Alexandros Paschalakis 29 -
96%
Right Back 3 Brazil Leo Matos 27 3
92%
(Striker) (9) (Serbia) Aleksandar Prijović 13 9
91%
Striker 47 England Chuba Akpom 19 5
89%
Attacking Midfielder 10 Greece Dimitris Pelkas 21 3
88%
Centre-Back 15 Spain José Crespo 29 1
86%
Centre-Back 5 Cape Verde Fernando Varela 27 2
85%
Attacking Midfielder 21 Netherlands Diego Biseswar 26 8
84%
Centre-Back 4 Iceland Sverrir Ingason - -
80%
Attacking Midfielder 7 Morocco Omar El Kaddouri 17 1
78%
Striker 9 Poland Karol Swiderski 10 4
77%
Left Back 20 Portugal Adelino Vieirinha 26 5
75%
Winger 98 Brazil Leo Jabá 23 2
72%
Goalkeeper 1 Argentina Rodrigo Rey - -
72%
Winger 18 Greece Dimitris Limnios 20 1
70%
Central Midfielder 87 Spain José Cañas 13 -
65%
Left Back 23 Greece Dimitris Giannoulis 1 -
61%
Goalkeeper 71 Greece Panagiotis Glykos - -
61%
Central Midfielder 28 Ukraine Evgen Shakhov 20 4
58%
Central Midfielder 8 Brazil Maurício 20 5
55%
Central Midfielder 26 Portugal Sergio Oliveira 10 3
55%
Central Midfielder 27 Croatia Josip Misic 5 -
54%
Centre-Back 13 Greece Stelios Malezas 1 -
49%
Central Midfielder 19 Sweden Pontus Wernbloom 11 -
48%
Right Back 32 Greece Eleutherios Lyratzis 1 -
42%
Left Back 6 Romania Alin Toşca 6 -
35%
Centre-Back 34 Ukraine Evgen Khacheridi 3 -
35%
Striker 11 Greece Nikos Karelis 5 -
35%
Winger 90 Brazil Pedro Henrique 6 3
33%
Goalkeeper 99 Greece Markos Siabanis - -
21%
Central Midfielder 53 Greece Konstantinos Balogiannis - -
15%
No matching quizzes found
Score Distribution
Percent of People with Each Score
Percentile by Number Answered
Your Score History
You have not taken this quiz